000 017320000a22002170004500
001 17653
020 _a0-85364-983-9
041 0 _aEng.
082 0 4 _aG 305.309 S8852c
100 1 _aStorkey, Elaine
245 1 0 _aCreated or constructed? : the great gender debate / Elaine Storkey
260 _aCarlisle, Calif. : Paternoster Press.
300 _a129 p.
505 0 0 _aPreface/Prefacio.-- Acknowledgements.--I. History lessons /Lecciones de historia -- II. The pre-modern in sex and gender / Lo pre-moderno en relación con el sexo y el género -- III. Modernism and gender relationships / El modernismo y las relaciones de género -- IV The postmidern experience / La experiencia posmoderna -- V. Gender and "difference" in popular writings / El género y la "diferencia" en obras populares -- VI. From social science to theology / De la ciencias sociales a la teología -- VII. Sex and gender in theology. From pre- to postmodernity / Sexo y género en la teología, de pre- a posmodernismo -- VIII. Post-postmodern postscript / Posterior Posmoderno epílogo.-- Further reading/ Lecturas complementarias.-- Author and subject indexes./ Indices de autor y materia.--
520 _aExplora los cambios en la idea de la igualdad de los sexos durante el siglo XX, y discute en que ha fallado la filosofía secular. Presenta una alternativa bíblica y verdadera de la humanidad y de lo que significa ser hombre y mujer.
650 1 4 _aMUJERES - CUESTIONES SOCIALES Y MORALES PAPELES SEXUALES - HISTORIA\ PAPELES SEXUALES-ASPECTOS RELIGIOSOS\ DIFERENCIAS ENTRE LOS SEXOS(SICOLOGIA)-HISTORIA
942 _cBK
999 _c44303
_d44303
336 _atexto
_btxt
_2rdacontent
337 _2rdamedia
_asin mediación
_bn
338 _2rdacarrier
_avolumen
_bnc